[Event "Romania blitz online op final"]
[Site "Chess.com INT"]
[Date "2020.05.06"]
[Round "1"]
[White "Ciobanu, Sebastian Stefan"]
[Black "Grecescu, Gabriel Andrei"]
[Result "0-1"]
[WhiteElo "1505"]
[BlackElo "2388"]
[PlyCount "70"]
[EventDate "2020.05.06"]
[EventType "swiss (blitz)"]
[EventRounds "9"]
[EventCountry "ROU"]
[SourceTitle "CBM 196 Extra"]
[Source "ChessBase"]
[SourceDate "2020.07.31"]
[SourceVersion "1"]
[SourceVersionDate "2020.07.31"]
[SourceQuality "1"]

1. e4 c5 2. Nf3 Nc6 3. Bb5 e6 4. c3 Nge7 5. 0-0 d5 6. exd5 Qxd5 7. d4 cxd4 8. Nxd4 Bd7 9. Bxc6 Nxc6 10. Nxc6 Bxc6 11. Qxd5 Bxd5 12. Be3 Be7 13. b3 f6 14. c4 Bc6 15. Nc3 a6 16. Rfd1 Kf7 17. Rd3 Rhd8 18. Rad1 Rxd3 19. Rxd3 g5 20. f3 h5 21. Kf2 h4 22. Ne2 e5 23. Nc3 h3 24. g3 f5 25. Nd5 f4 26. Bc1 Bc5+ 27. Ke2 Re8 28. Nc3 g4 29. fxg4 e4 30. Rd1 f3+ 31. Kf1 e3 32. Rd3 e2+ 33. Nxe2 fxe2+ 34. Ke1 Bf2+ 35. Kxf2 e1Q# 0-1

[Event "Romania blitz online op final"]
[Site "Chess.com INT"]
[Date "2020.05.06"]
[Round "5"]
[White "Patru, Alexandra Ioana"]
[Black "Ciobanu, Sebastian Stefan"]
[Result "0-1"]
[WhiteElo "1686"]
[BlackElo "1505"]
[PlyCount "100"]
[EventDate "2020.05.06"]
[EventType "swiss (blitz)"]
[EventRounds "9"]
[EventCountry "ROU"]
[SourceTitle "CBM 196 Extra"]
[Source "ChessBase"]
[SourceDate "2020.07.31"]
[SourceVersion "1"]
[SourceVersionDate "2020.07.31"]
[SourceQuality "1"]

1. d4 Nf6 2. Nf3 g6 3. g3 Bg7 4. Bg2 0-0 5. 0-0 d6 6. c4 Nbd7 7. Nc3 e5 8. e4 a5 9. b3 h6 10. Bb2 Nh5 11. h3 Kh7 12. Kh2 b6 13. Nd5 Bb7 14. dxe5 Nxe5 15. Nxe5 dxe5 16. f4 exf4 17. Bxg7 fxg3+ 18. Kh1 Kxg7 19. Qf3 Bxd5 20. exd5 Qd6 21. Qc3+ Kh7 22. Bf3 Nf4 23. Bg2 Nh5 24. Rf3 Rae8 25. Raf1 Kg8 26. Rg1 Re2 27. Re3 Re8 28. Rxe8+ Rxe8 29. Bf3 Kh7 30. Bxh5 gxh5 31. Qd3+ Qg6 32. Qxg6+ fxg6 33. Rxg3 Re1+ 34. Kh2 Re2+ 35. Rg2 Re3 36. Rf2 Kg7 37. Kg2 g5 38. Rd2 g4 39. hxg4 hxg4 40. d6 cxd6 41. Rxd6 h5 42. Rxb6 h4 43. c5 Re2+ 44. Kh1 h3 45. Rb7+ Kg8 46. c6 g3 47. Rb8+ Kg7 48. Rb7+ Kg6 49. Rf7 Re1+ 50. Rf1 Rxf1# 0-1

[Event "ROM-ch U14"]
[Site "Calimanesti Caciulata"]
[Date "2019.04.21"]
[Round "8"]
[White "Ciobanu, Sebastian Stefan"]
[Black "Tabacaru, Gabriel Sergiu"]
[Result "1-0"]
[WhiteElo "1559"]
[BlackElo "1408"]
[PlyCount "45"]
[EventDate "2019.04.15"]
[EventType "swiss"]
[EventRounds "9"]
[EventCountry "ROU"]
[SourceTitle "CBM 190 Extra"]
[Source "ChessBase"]
[SourceDate "2019.07.15"]
[SourceVersion "1"]
[SourceVersionDate "2019.07.15"]
[SourceQuality "1"]

1. d4 e6 2. Nf3 Nf6 3. Bf4 c5 4. c3 Nc6 5. e3 Be7 6. Bb5 0-0 7. 0-0 Qb6 8. Qe2 a6 9. Bd3 d5 10. Qc2 Bd7 11. Ne5 h6 12. Nd2 Rfd8 13. Ndf3 Rac8 14. Kh1 cxd4 15. exd4 Na5 16. g4 Bb5 17. Bxb5 Qxb5 18. g5 hxg5 19. Nxg5 Rf8 20. Rg1 Nc4 21. Ng4 g6 22. Nh6+ Kg7 23. Nxe6+ 1-0

[Event "ROM-ch U14"]
[Site "Calimanesti Caciulata"]
[Date "2019.04.18"]
[Round "5"]
[White "Rata, Andrei"]
[Black "Ciobanu, Sebastian Stefan"]
[Result "1/2-1/2"]
[WhiteElo "1407"]
[BlackElo "1559"]
[PlyCount "29"]
[EventDate "2019.04.15"]
[EventType "swiss"]
[EventRounds "9"]
[EventCountry "ROU"]
[SourceTitle "CBM 190 Extra"]
[Source "ChessBase"]
[SourceDate "2019.07.15"]
[SourceVersion "1"]
[SourceVersionDate "2019.07.15"]
[SourceQuality "1"]

1. e4 c5 2. Nf3 g6 3. d4 cxd4 4. Nxd4 Nc6 5. Nc3 Bg7 6. Be3 Nf6 7. Bc4 d6 8. h3 Bd7 9. Qd2 a6 10. 0-0-0 b5 11. Bd5 Rc8 12. f4 Nxd4 13. Bxd4 Qa5 14. Qf2 Nxd5 15. Nxd5 1/2-1/2

[Event "ROM-ch U14"]
[Site "Calimanesti Caciulata"]
[Date "2019.04.16"]
[Round "2"]
[White "Ciobanu, Sebastian Stefan"]
[Black "Antal, Hunor Zoltan"]
[Result "0-1"]
[WhiteElo "1559"]
[BlackElo "1828"]
[PlyCount "80"]
[EventDate "2019.04.15"]
[EventType "swiss"]
[EventRounds "9"]
[EventCountry "ROU"]
[SourceTitle "CBM 190 Extra"]
[Source "ChessBase"]
[SourceDate "2019.07.15"]
[SourceVersion "1"]
[SourceVersionDate "2019.07.15"]
[SourceQuality "1"]

1. e4 c5 2. Nf3 e6 3. c3 Nf6 4. e5 Nd5 5. d4 cxd4 6. cxd4 d6 7. Bc4 Nc6 8. 0-0 Be7 9. Re1 0-0 10. h3 dxe5 11. dxe5 Bd7 12. a3 Qa5 13. Nbd2 Rfd8 14. Ne4 Be8 15. Qe2 Rac8 16. Bd2 Qb6 17. b4 Nd4 18. Nxd4 Qxd4 19. Bxd5 exd5 20. Ng3 Qc4 21. e6 Qxe2 22. exf7+ Bxf7 23. Rxe2 Bf6 24. Rae1 Rc2 25. Bf4 Rxe2 26. Rxe2 Bg6 27. Be5 Bxe5 28. Rxe5 d4 29. Re2 d3 30. Rd2 Rc8 31. f4 Rc3 32. a4 Rc2 33. Rxc2 dxc2 34. Ne2 Kf7 35. g4 Bd3 36. Nc1 Be4 37. Kf2 Ke6 38. Ke3 Bg2 39. Kd2 Bxh3 40. Kxc2 Bxg4 0-1

[Event "ROM-ch U12"]
[Site "Calimanesti"]
[Date "2018.04.03"]
[Round "9"]
[White "Ciobanu, Sebastian Stefan"]
[Black "Hejja, Adam Peter"]
[Result "1-0"]
[WhiteElo "1355"]
[BlackElo "1199"]
[PlyCount "103"]
[EventDate "2018.03.27"]
[EventType "swiss"]
[EventRounds "9"]
[EventCountry "ROU"]
[SourceTitle "CBM 183 Extra"]
[Source "ChessBase"]
[SourceDate "2018.04.19"]
[SourceVersion "1"]
[SourceVersionDate "2018.04.19"]
[SourceQuality "1"]

1. e4 b6 2. d4 Bb7 3. Nc3 g6 4. Nf3 Bg7 5. e5 d5 6. exd6 exd6 7. Bb5+ Nd7 8. 0-0 Ne7 9. Re1 0-0 10. Bg5 Re8 11. Qe2 f6 12. Qe6+ Kh8 13. Qxd7 Qxd7 14. Bxd7 fxg5 15. Bxe8 Rxe8 16. Nxg5 Bxd4 17. Ne6 Bxc3 18. bxc3 Rc8 19. Nd4 Nd5 20. c4 Nb4 21. a3 Nc6 22. Nxc6 Bxc6 23. Re7 Ba4 24. c3 Bb3 25. Rae1 Ba4 26. R1e3 Kg8 27. Rf3 Be8 28. Kf1 a5 29. Ke1 g5 30. g4 Bg6 31. Kd2 Kh8 32. Rf6 Kg8 33. f4 gxf4 34. Rxf4 Be8 35. h4 h6 36. h5 a4 37. Rf6 b5 38. cxb5 Bxb5 39. Rxh6 Rf8 40. Rxc7 Rf2+ 41. Ke3 Re2+ 42. Kf4 Rf2+ 43. Kg3 Rf1 44. Rg6+ Kh8 45. Rxd6 Rf8 46. g5 Be2 47. g6 Kg8 48. h6 Rf3+ 49. Kg2 Rf8 50. h7+ Kh8 51. g7+ Kxh7 52. gxf8Q# 1-0

[Event "ROM-ch U12"]
[Site "Calimanesti"]
[Date "2018.04.02"]
[Round "8"]
[White "Gatej, Luca"]
[Black "Ciobanu, Sebastian Stefan"]
[Result "1/2-1/2"]
[WhiteElo "1040"]
[BlackElo "1355"]
[PlyCount "96"]
[EventDate "2018.03.27"]
[EventType "swiss"]
[EventRounds "9"]
[EventCountry "ROU"]
[SourceTitle "CBM 183 Extra"]
[Source "ChessBase"]
[SourceDate "2018.04.19"]
[SourceVersion "1"]
[SourceVersionDate "2018.04.19"]
[SourceQuality "1"]

1. e4 c5 2. Nf3 Nc6 3. c4 Nf6 4. Nc3 d6 5. d4 cxd4 6. Nxd4 g6 7. Be3 Bg7 8. Be2 0-0 9. 0-0 Bd7 10. Qd2 Ng4 11. Bxg4 Bxg4 12. f3 Bd7 13. Rac1 Ne5 14. b3 Rc8 15. Rfd1 Re8 16. Bh6 Bc6 17. Nxc6 Nxc6 18. Bxg7 Kxg7 19. Qb2 Kg8 20. c5 Qa5 21. cxd6 exd6 22. Kh1 Qe5 23. Rd5 Qf6 24. Qd2 Rcd8 25. Nb5 Re6 26. Rd1 a6 27. Rxd6 axb5 28. Rxd8+ Nxd8 29. Qxd8+ Qxd8 30. Rxd8+ Kg7 31. Rd5 Ra6 32. Rxb5 Rxa2 33. g3 Ra7 34. Kg2 Kf6 35. e5+ Ke6 36. Kh3 Kf5 37. Kh4 Ra2 38. h3 Rf2 39. f4 h6 40. e6+ Kxe6 41. Rxb7 Kf6 42. Rb5 Rb2 43. g4 Rb1 44. Kg3 Ke7 45. Rb6 f6 46. h4 Rg1+ 47. Kf3 Rf1+ 48. Kg3 Rg1+ 1/2-1/2

[Event "ROM-ch U12"]
[Site "Calimanesti"]
[Date "2018.03.31"]
[Round "6"]
[White "Ciulic, Raducu Marian"]
[Black "Ciobanu, Sebastian Stefan"]
[Result "1-0"]
[WhiteElo "1512"]
[BlackElo "1355"]
[PlyCount "93"]
[EventDate "2018.03.27"]
[EventType "swiss"]
[EventRounds "9"]
[EventCountry "ROU"]
[SourceTitle "CBM 183 Extra"]
[Source "ChessBase"]
[SourceDate "2018.04.19"]
[SourceVersion "1"]
[SourceVersionDate "2018.04.19"]
[SourceQuality "1"]

1. e4 c5 2. Nf3 Nc6 3. d4 cxd4 4. Nxd4 g6 5. Nc3 Bg7 6. Be3 Nf6 7. Bc4 d6 8. f3 0-0 9. Bb3 Bd7 10. Qd2 Rc8 11. 0-0-0 Ne5 12. Bh6 Nc4 13. Bxc4 Rxc4 14. Bxg7 Kxg7 15. h4 Qa5 16. h5 Rh8 17. hxg6 fxg6 18. Kb1 Qb6 19. g4 Rcc8 20. g5 Nh5 21. f4 Rhf8 22. Nd5 Qd8 23. Qh2 e6 24. Nf6 Nxf6 25. gxf6+ Rxf6 26. Qxh7+ Kf8 27. Qh8+ Ke7 28. Rh7+ Rf7 29. Rxf7+ Kxf7 30. Qh7+ Kf8 31. Qxg6 Qe7 32. Rh1 Qf7 33. Rh8+ Ke7 34. Rh7 Rf8 35. a3 Qxh7 36. Qxh7+ Rf7 37. Qh4+ Ke8 38. Qg5 a6 39. f5 exf5 40. Nxf5 Bxf5 41. exf5 Kd7 42. Qg6 Ke7 43. Ka2 Rf6 44. Qg7+ Rf7 45. Qg5+ Kd7 46. Kb3 b6 47. Kc4 1-0

[Event "ROM-ch U12"]
[Site "Baile Felix"]
[Date "2017.02.07"]
[Round "7"]
[White "Ciobanu, Sebastian Stefan"]
[Black "Radu, Luca Ioan"]
[Result "0-1"]
[WhiteElo "1144"]
[BlackElo "1304"]
[PlyCount "123"]
[EventDate "2017.02.02"]
[EventType "swiss"]
[EventRounds "9"]
[EventCountry "ROU"]
[SourceTitle "CBM 176 Extra"]
[Source "ChessBase"]
[SourceDate "2017.03.02"]
[SourceVersion "1"]
[SourceVersionDate "2017.03.02"]
[SourceQuality "1"]

1. d4 g6 2. Nf3 Bg7 3. Bf4 d6 4. e3 Nf6 5. h3 Nbd7 6. c3 0-0 7. Bd3 a6 8. 0-0 b5 9. Nbd2 Bb7 10. Qc2 Re8 11. Ne4 Nxe4 12. Bxe4 Bxe4 13. Qxe4 Nf6 14. Qc2 Rc8 15. a4 c5 16. dxc5 Rxc5 17. Qe2 Qb6 18. axb5 Qxb5 19. Qxb5 Rxb5 20. Rxa6 Rxb2 21. Raa1 Nd5 22. c4 Nxf4 23. exf4 Rb4 24. Rac1 Rc8 25. Nd2 Bh6 26. g3 e5 27. Ne4 exf4 28. gxf4 Bxf4 29. Rc2 Rbxc4 30. Rxc4 Rxc4 31. Nf6+ Kg7 32. Ne8+ Kf8 33. Nf6 Rc1 34. Rxc1 Bxc1 35. Nd5 Ba3 36. Kf1 h5 37. Ke2 Ke8 38. Kd3 Bc5 39. f3 Kd7 40. Ke4 Ke6 41. Nf4+ Kf6 42. Ng2 Bf2 43. Nf4 Kg5 44. Ng2 Bc5 45. h4+ Kf6 46. Kf4 Bb4 47. Ke4 Ke6 48. Nf4+ Kd7 49. Kd5 Be1 50. Ng2 Bd2 51. f4 f6 52. Ke4 Ke6 53. Kd3 Bb4 54. Ne3 Bc5 55. Ng2 Kf5 56. Kd2 Kg4 57. Ke2 Kg3 58. Kf1 Bf2 59. f5 gxf5 60. Ne1 Bxe1 61. Kxe1 f4 62. Kf1 0-1

[Event "ROM-ch U12"]
[Site "Baile Felix"]
[Date "2017.02.05"]
[Round "4"]
[White "Chivu, Razvan Gabriel"]
[Black "Ciobanu, Sebastian Stefan"]
[Result "1-0"]
[WhiteElo "1467"]
[BlackElo "1144"]
[PlyCount "55"]
[EventDate "2017.02.02"]
[EventType "swiss"]
[EventRounds "9"]
[EventCountry "ROU"]
[SourceTitle "CBM 176 Extra"]
[Source "ChessBase"]
[SourceDate "2017.03.02"]
[SourceVersion "1"]
[SourceVersionDate "2017.03.02"]
[SourceQuality "1"]

1. e4 c5 2. Nf3 g6 3. d4 cxd4 4. Nxd4 Nc6 5. Nc3 Bg7 6. Be3 Nf6 7. f3 Qb6 8. Nf5 Qxb2 9. Nxg7+ Kf8 10. Na4 Qb4+ 11. c3 Qd6 12. Qxd6 exd6 13. Bh6 Ke7 14. h4 Ng8 15. Nf5+ gxf5 16. Bg7 f6 17. Bxh8 fxe4 18. Bc4 Nh6 19. fxe4 a6 20. Nb6 Rb8 21. Nd5+ Kf8 22. Bxf6 Ng4 23. 0-0 Ke8 24. Nc7+ Kf8 25. Be5+ Ke7 26. Rf7+ Kd8 27. Bxd6 b5 28. Rf8# 1-0

[Event "ROM-ch U12"]
[Site "Baile Felix"]
[Date "2017.02.04"]
[Round "3"]
[White "Ciobanu, Sebastian Stefan"]
[Black "Chira, Vlad Alexandru"]
[Result "1/2-1/2"]
[WhiteElo "1144"]
[BlackElo "1422"]
[PlyCount "86"]
[EventDate "2017.02.02"]
[EventType "swiss"]
[EventRounds "9"]
[EventCountry "ROU"]
[SourceTitle "CBM 176 Extra"]
[Source "ChessBase"]
[SourceDate "2017.03.02"]
[SourceVersion "1"]
[SourceVersionDate "2017.03.02"]
[SourceQuality "1"]

1. e4 c5 2. c3 d6 3. d4 Nf6 4. Bd3 Nc6 5. Nf3 g6 6. Be3 b6 7. Nbd2 Bg7 8. Bb5 Bd7 9. 0-0 0-0 10. d5 Ne5 11. Bxd7 Nfxd7 12. Re1 Rc8 13. Rc1 Ng4 14. h3 Nge5 15. Nxe5 Nxe5 16. Nf3 Qd7 17. Bf4 Nxf3+ 18. Qxf3 Qc7 19. Qe3 b5 20. Bh6 Qa5 21. Bxg7 Kxg7 22. Qe2 c4 23. Qd2 Kg8 24. Qe2 Rc7 25. a3 Qb6 26. Qe3 Rb8 27. Qxb6 Rxb6 28. Re2 a5 29. Rec2 Rc5 30. Kf1 e6 31. dxe6 fxe6 32. Ke2 d5 33. f3 b4 34. axb4 axb4 35. cxb4 Rxb4 36. Ke3 Rb3+ 37. Kd4 Rcb5 38. exd5 exd5 39. Rg1 Kf7 40. Rb1 Ke6 41. Rd2 c3 42. Re1+ Kd6 43. bxc3 Rc5 1/2-1/2

[Event "ROM-ch U10"]
[Site "Calimanesti Caciulata"]
[Date "2016.04.25"]
[Round "9"]
[White "Ciobanu, Sebastian Stefan"]
[Black "Baciu, Mihnea Iustin"]
[Result "0-1"]
[WhiteElo "1001"]
[BlackElo "1359"]
[PlyCount "66"]
[EventDate "2016.04.18"]
[EventType "swiss"]
[EventRounds "9"]
[EventCountry "ROU"]
[SourceTitle "EXT 2017"]
[Source "ChessBase"]
[SourceDate "2016.10.25"]
[SourceVersion "1"]
[SourceVersionDate "2016.10.25"]
[SourceQuality "1"]

1. e4 c5 2. c3 g6 3. d4 cxd4 4. cxd4 d5 5. e5 Bg7 6. Nf3 Nc6 7. Bb5 Qa5+ 8. Nc3 Nh6 9. 0-0 0-0 10. Bxc6 bxc6 11. Qa4 Qb6 12. Re1 Bg4 13. Qd1 Nf5 14. Na4 Qb4 15. a3 Qb7 16. Be3 Nxe3 17. fxe3 Qb5 18. Rf1 Bh6 19. Re1 Bxf3 20. gxf3 f6 21. exf6 Rxf6 22. b4 Raf8 23. f4 Rf5 24. Re2 g5 25. Rg2 Kh8 26. fxg5 Rxg5 27. Rxg5 Bxg5 28. Nc3 Bxe3+ 29. Kh1 Qc4 30. Rb1 Qxc3 31. Rb3 Qxd4 32. Qxd4+ Bxd4 33. Rd3 e5 0-1

[Event "ROM-ch U10"]
[Site "Calimanesti Caciulata"]
[Date "2016.04.19"]
[Round "2"]
[White "Costescu, Mihnea Constantin"]
[Black "Ciobanu, Sebastian Stefan"]
[Result "1/2-1/2"]
[WhiteElo "1158"]
[BlackElo "1001"]
[PlyCount "49"]
[EventDate "2016.04.18"]
[EventType "swiss"]
[EventRounds "9"]
[EventCountry "ROU"]
[SourceTitle "CBM 172 Extra"]
[Source "ChessBase"]
[SourceDate "2016.06.21"]
[SourceVersion "1"]
[SourceVersionDate "2016.06.21"]
[SourceQuality "1"]

1. e4 c5 2. Nc3 g6 3. g3 Bg7 4. Bg2 Nc6 5. d3 d6 6. Nge2 Nf6 7. 0-0 0-0 8. f4 Qc7 9. Nd5 Nxd5 10. exd5 Nd4 11. c3 Nxe2+ 12. Qxe2 Re8 13. Bd2 e6 14. Rae1 Bd7 15. Qf3 exd5 16. Rxe8+ Rxe8 17. Qxd5 Bc6 18. Qb3 Bxg2 19. Kxg2 Re2+ 20. Rf2 Qc6+ 21. Kf1 Rxf2+ 22. Kxf2 Qh1 23. Be1 Qxh2+ 24. Ke3 Qg1+ 25. Bf2 1/2-1/2